[Event "Zadar op-B 19th"]
[Site "Zadar"]
[Date "2012.12.16"]
[Round "1"]
[White "Kostovic, Dar"]
[Black "Samovojska, Damir"]
[Result "1/2-1/2"]
[WhiteElo "1918"]
[BlackElo "2225"]
[PlyCount "153"]
[EventDate "2012.12.16"]
[EventType "swiss"]
[EventRounds "9"]
[EventCountry "CRO"]
[SourceTitle "EXT 2014"]
[Source "ChessBase"]
[SourceDate "2013.11.20"]
[SourceVersion "1"]
[SourceVersionDate "2013.11.20"]
[SourceQuality "1"]

1. Nf3 d5 2. d4 c5 3. c4 dxc4 4. e3 cxd4 5. exd4 Nf6 6. Bxc4 e6 7. 0-0 Be7 8. Nc3 0-0 9. d5 exd5 10. Nxd5 Nxd5 11. Qxd5 Qxd5 12. Bxd5 Rd8 13. Bb3 Nc6 14. Bg5 Bxg5 15. Nxg5 Rf8 16. Rfe1 Bf5 17. Rad1 h6 18. Ne4 Bxe4 19. Rxe4 Rad8 20. Kf1 Rxd1+ 21. Bxd1 Rd8 22. Ke1 Kf8 23. Ra4 Rd4 24. Ra3 Rb4 25. b3 a6 26. Kd2 Rd4+ 27. Ke1 Re4+ 28. Kd2 Rd4+ 29. Ke1 Ke7 30. Bf3 Kd6 31. Bxc6 Kxc6 32. Ra5 Rd5 33. Ra4 Rh5 34. h3 Rg5 35. g3 Rh5 36. h4 Rd5 37. Ke2 Rc5 38. Kd2 h5 39. Rf4 f6 40. Re4 Kd6 41. a4 Rd5+ 42. Kc2 g5 43. Rb4 Kc6 44. Re4 Rf5 45. f4 gxh4 46. gxh4 Rd5 47. Re6+ Rd6 48. Re8 Kd5 49. Kd3 Rb6 50. Kc3 a5 51. Rh8 Ke4 52. Rxh5 f5 53. Rh7 Kxf4 54. Rg7 Ke3 55. h5 Rc6+ 56. Kb2 f4 57. Rxb7 f3 58. Rf7 Rh6 59. Ka3 Rxh5 60. b4 f2 61. bxa5 Rxa5 62. Kb4 Ra7 63. Rxf2 Kxf2 64. Kb5 Ke3 65. a5 Kd4 66. Kb6 Rh7 67. a6 Rh6+ 68. Kb7 Kc5 69. a7 Rh7+ 70. Ka6 Rh6+ 71. Kb7 Rb6+ 72. Kc7 Rc6+ 73. Kb7 Rb6+ 74. Kc7 Rc6+ 75. Kb7 Rb6+ 76. Kc7 Ra6 77. Kb7 1/2-1/2

[Event "Sentjur Ipavec Memorial 13th"]
[Site "Sentjur"]
[Date "2012.09.26"]
[Round "9"]
[White "Petauer, Janez"]
[Black "Kostovic, Dar"]
[Result "1/2-1/2"]
[WhiteElo "1661"]
[BlackElo "1951"]
[PlyCount "31"]
[EventDate "2012.09.19"]
[EventType "swiss"]
[EventRounds "9"]
[EventCountry "SLO"]
[SourceTitle "EXT 2015"]
[Source "ChessBase"]
[SourceDate "2014.11.20"]
[SourceVersion "1"]
[SourceVersionDate "2014.11.20"]
[SourceQuality "1"]

1. e4 e6 2. d4 d5 3. Nc3 Nf6 4. Bg5 dxe4 5. Nxe4 Be7 6. Bxf6 Bxf6 7. Nf3 Nd7 8. c3 0-0 9. Bd3 b6 10. Nxf6+ Nxf6 11. Ne5 Bb7 12. Rg1 Be4 13. Bxe4 Nxe4 14. Qe2 Nf6 15. 0-0-0 Qc8 16. g4 1/2-1/2

[Event "Sarajevo Bosna op-B 42nd"]
[Site "Sarajevo"]
[Date "2012.05.06"]
[Round "2"]
[White "Kostovic, Dar"]
[Black "Banduka, Zeljko"]
[Result "1/2-1/2"]
[WhiteElo "1947"]
[BlackElo "2170"]
[PlyCount "104"]
[EventDate "2012.05.05"]
[EventType "swiss"]
[EventRounds "9"]
[EventCountry "BIH"]
[SourceTitle "CBM 148 Extra"]
[Source "ChessBase"]
[SourceDate "2012.06.22"]
[SourceVersion "1"]
[SourceVersionDate "2012.06.22"]
[SourceQuality "1"]

1. Nf3 d5 2. d4 c6 3. c4 e6 4. Nc3 Nf6 5. Bg5 dxc4 6. e4 h6 7. Bxf6 Qxf6 8. Bxc4 b5 9. Bb3 b4 10. Na4 Qg6 11. Qe2 Ba6 12. Qe3 Nd7 13. 0-0-0 c5 14. dxc5 Qh5 15. Rxd7 Kxd7 16. Rd1+ Ke8 17. Qd4 Bb5 18. Qxb4 a6 19. Nd4 Bxc5 20. Qxc5 Qxc5+ 21. Nxc5 Rc8 22. Nxb5 axb5 23. Kd2 Rxc5 24. Ke3 Ke7 25. Rd4 g5 26. g3 g4 27. Bd1 h5 28. Be2 Ra8 29. a3 e5 30. Rb4 Ra5 31. f3 gxf3 32. Kxf3 Ke6 33. Ke3 f5 34. exf5+ Kxf5 35. Bxh5 Ra4 36. Be2 Rxb4 37. axb4 Rd5 38. h4 Rd4 39. Bxb5 Kg4 40. b3 Kxg3 41. h5 Rh4 42. Be2 Rxb4 43. Bc4 Rb7 44. Ke4 Re7 45. h6 Rh7 46. Kxe5 Rxh6 47. b4 Rh4 48. Kd5 Kf4 49. b5 Rh6 50. Kc5 Ke5 51. b6 Rh8 52. b7 Rb8 1/2-1/2

[Event "Zlatni Rat op 2nd"]
[Site "Bol"]
[Date "2011.09.15"]
[Round "7"]
[White "Kostovic, Dar"]
[Black "Berke, Ana"]
[Result "0-1"]
[WhiteElo "1916"]
[BlackElo "2190"]
[PlyCount "76"]
[EventDate "2011.09.10"]
[EventType "swiss"]
[EventRounds "9"]
[EventCountry "CRO"]
[SourceTitle "CBM 144 Extra"]
[Source "ChessBase"]
[SourceDate "2011.10.28"]
[SourceVersion "1"]
[SourceVersionDate "2011.10.28"]
[SourceQuality "1"]

1. Nf3 c5 2. c4 Nc6 3. d4 cxd4 4. Nxd4 Nf6 5. g3 g6 6. Bg2 Bg7 7. 0-0 0-0 8. Nc3 Nxd4 9. Qxd4 d6 10. Qd3 Rb8 11. e4 a6 12. Bd2 Nd7 13. Rac1 b5 14. cxb5 axb5 15. Qb1 Ne5 16. Nd5 Nc4 17. Bc3 Bxc3 18. Rxc3 Nd2 19. Qc2 Nxf1 20. Bxf1 Be6 21. Nb4 Bd7 22. Nd5 e6 23. Nb4 Rc8 24. Rxc8 Qxc8 25. Qd2 Qc7 26. a3 Rc8 27. h4 Bc6 28. h5 Bxe4 29. hxg6 hxg6 30. Qe2 Ba8 31. Qxb5 Kg7 32. Qd3 Rh8 33. f3 Qc5+ 34. Kg2 Qh5 35. Kf2 Qe5 36. Qd2 Rh1 37. Nd3 Qd4+ 38. Ke2 Rh2+ 0-1

[Event "Split op 1st"]
[Site "Split"]
[Date "2011.08.10"]
[Round "6"]
[White "Kostovic, Dar"]
[Black "Licina, Zoran"]
[Result "0-1"]
[WhiteElo "1981"]
[BlackElo "2273"]
[PlyCount "68"]
[EventDate "2011.08.05"]
[EventType "swiss"]
[EventRounds "9"]
[EventCountry "CRO"]
[SourceTitle "CBM 143 Extra"]
[Source "ChessBase"]
[SourceDate "2011.08.29"]
[SourceVersion "1"]
[SourceVersionDate "2011.08.29"]
[SourceQuality "1"]

1. Nf3 d5 2. d4 Nf6 3. c4 e6 4. Nc3 c6 5. e3 Nbd7 6. Bd3 dxc4 7. Bxc4 b5 8. Bd3 Bb7 9. 0-0 Bd6 10. e4 e5 11. Re1 0-0 12. Bg5 h6 13. Bh4 b4 14. Ne2 c5 15. d5 g5 16. Bg3 c4 17. Bc2 Re8 18. Nd2 Rc8 19. Rc1 a5 20. Bb1 Ba6 21. f3 Bc5+ 22. Bf2 Qb6 23. Bxc5 Nxc5 24. Kh1 Nd3 25. Bxd3 cxd3 26. Ng3 Rxc1 27. Qxc1 Rc8 28. Qb1 Rc2 29. Ngf1 Nh5 30. g3 Qf2 31. Rd1 Nf6 32. Rc1 g4 33. f4 exf4 34. gxf4 g3 0-1